000 00335nam a22001457a 4500
005 20160325070031.0
008 100603s2010 nyua 001 0 eng
020 _a9780071748698
020 _a0071748695
041 0 _aeng
080 _a004
245 1 0 _aHow to do everything.
_piPad /
_cJoli Ballew.
246 3 0 _aiPad
942 _2udc
_cBK
999 _c573
_d573